000 01726nam0a22003251 4500
001 rc\2333847
005 20260407074912.0
035 _a(NLR Aleph) 006677187
090 _a5045205
_c5045205
100 _a20110829d1977 |||y0rusy50 ca
101 0 _arus
102 _aRU
105 _aa z |||||
200 1 _aПроектирование частотно-избирательных усилительных устройств
_eУчеб. пособие
_f[Павлов В.Н., Соколов Ю.П., Ефимов В.В. и др.]
_gЛенингр. электротехн. ин-т им. В.И. Ульянова (Ленина)
210 _aЛенинград
_cЛЭТИ
_d1977
215 _a83 с.
_cил.
_d21
320 _aСписок лит.: с. 81 (13 назв.)
606 _aУсилители избирательные
_xПроектирование
_2rkp
701 1 _7ca
_8rus
_aЕфимов
_bВ. В.
_cинженер, радиотехника
_gВиктор Викторович
_9212100
_3RU\NLR\AUTH\770212156
701 1 _8rus
_7ca
_aПавлов
_bВ. Н.
_cканд. техн. наук, радиотехника
_f1955-
_gВладимир Николаевич
_3RU\NLR\AUTH\7755535
_938467
701 1 _7ca
_8rus
_aСоколов
_bЮ. П.
_cинженер, усилители
_gЮрий Павлович
_9212210
_3RU\NLR\AUTH\770212266
712 0 2 _aЛенинградский электротехнический институт им. В. И. Ульянова (Ленина)
_3RU\NLR\AUTH\883929
_9279199
801 0 _aRU
_bNLR
_gpsbo
801 1 _aRU
_bELAR
_2rusmarc
852 _aNLR
_j77-4/25014
899 _aRuMoRGB
_jБ 77-56/466
899 _aRuMoRGB
_jБ 77-56/467
942 _cBOOK
980 _aNB